R v Wakefield MBC and British Coal Corporation ex parte The Warmfield Company Limited (Record no. 1477)

MARC details
000 -LEADER
fixed length control field 01809cab a2200289 4500
001 - CONTROL NUMBER
control field ABS50939
008 - FIXED-LENGTH DATA ELEMENTS--GENERAL INFORMATION
fixed length control field 090401t1994 xxu||||| |||| 00| 0 eng d
035 ## - SYSTEM CONTROL NUMBER
System control number (Sirsi) u2445
041 ## - LANGUAGE CODE
Language code of text/sound track or separate title eng
245 ## - TITLE STATEMENT
Title R v Wakefield MBC and British Coal Corporation ex parte The Warmfield Company Limited
260 ## - PUBLICATION, DISTRIBUTION, ETC.
Date of publication, distribution, etc. 1994
350 ## - PRICE (NR) (BK AM CF MU VM SE) [OBSOLETE]
Price 0
490 ## - SERIES STATEMENT
Series statement Property and Compensation Reports
Volume/sequential designation (1994) 67 PCR 199-215(17)
520 ## - SUMMARY, ETC.
Summary, etc. QBD 29 July 1993. In October 1989 the first respondent (W) granted planning permission to the second respondent (B) for the extraction of coal and clay from land in September 1990. W approved a reserved matters application by B relating to the possible diversion of the River Calder pursuant to permission granted in 1985. In July 1991 planning permission was granted for the extraction of minerals from a site near the river. The legality of the decisions were challenged in three applications. The first challenged the 1989 permission on the grounds that the alterations to the application were so substantial that a new application was required. This was dismissed on the grounds that W were entitled to exercise their discretion to treat the alterations as amendments. The second challenged the 1990 approval of the river diversion on the grounds that W had acted ultra vires and unreasonably. This was dismissed on the grounds that W had not acted unreasonably in treating the application as o
650 ## - SUBJECT ADDED ENTRY--TOPICAL TERM
Topical term or geographic name entry element COAL MINING
650 ## - SUBJECT ADDED ENTRY--TOPICAL TERM
Topical term or geographic name entry element MINERAL EXTRACTION
650 ## - SUBJECT ADDED ENTRY--TOPICAL TERM
Topical term or geographic name entry element MINERALS
650 ## - SUBJECT ADDED ENTRY--TOPICAL TERM
Topical term or geographic name entry element OPENCAST MINING
650 ## - SUBJECT ADDED ENTRY--TOPICAL TERM
Topical term or geographic name entry element PLANNING PERMISSION
650 ## - SUBJECT ADDED ENTRY--TOPICAL TERM
Topical term or geographic name entry element R V GOUGH
650 ## - SUBJECT ADDED ENTRY--TOPICAL TERM
Topical term or geographic name entry element R V SEVENOAKS DC EX P TERRY
650 ## - SUBJECT ADDED ENTRY--TOPICAL TERM
Topical term or geographic name entry element RIVER DIVERSION
690 ## - LOCAL SUBJECT ADDED ENTRY--TOPICAL TERM (OCLC, RLIN)
Topical term or geographic name as entry element MINING AND MINERALS-CASE LAW
690 ## - LOCAL SUBJECT ADDED ENTRY--TOPICAL TERM (OCLC, RLIN)
Topical term or geographic name as entry element PLANNING LAW AND PRACTICE-CASE LAW
942 ## - ADDED ENTRY ELEMENTS (KOHA)
Suppress in OPAC 0
948 ## - LOCAL PROCESSING INFORMATION (OCLC); SERIES PART DESIGNATOR (RLIN)
c (OCLC) 04/03/1997
Holdings
Withdrawn status Lost status Source of classification or shelving scheme Damaged status Not for loan Home library Current library Shelving location Date acquired Total Checkouts Full call number Barcode Date last seen Copy number Price effective from Koha item type
    Dewey Decimal Classification     London London Journal article 14/09/1999   ABS50939 2445-1001 06/08/2019 1 06/08/2019 Law report